[Event "ROM-ch (Women)"]
[Site "Eforie Nord"]
[Date "2024.03.01"]
[Round "8"]
[White "Peptan, Corina Isabela"]
[Black "Iordache, Alexia Andreea"]
[Result "1-0"]
[WhiteElo "2314"]
[BlackElo "1774"]
[PlyCount "47"]
[EventDate "2024.02.24"]
[EventType "swiss"]
[EventRounds "9"]
[EventCountry "ROU"]
[SourceTitle "CB10_2024"]
[SourceDate "2024.03.06"]
[SourceVersion "1"]
[SourceVersionDate "2024.03.06"]
[SourceQuality "1"]

1. d4 Nf6 2. Nf3 e6 3. c4 c5 4. Nc3 cxd4 5. Nxd4 d5 6. e3 Be7 7. cxd5 Nxd5 8. Bb5+ Bd7 9. Nxd5 exd5 10. 0-0 Nc6 11. Ne2 Be6 12. Nf4 0-0 13. e4 d4 14. Nxe6 fxe6 15. Qb3 Qc8 16. Bc4 Rf6 17. Bd2 Rb8 18. f4 b5 19. Bd3 a5 20. e5 Rf8 21. Rac1 Kh8 22. Be4 Rb6 23. Qf3 Nxe5 24. Qh3 1-0

[Event "ROM-ch (Women)"]
[Site "Eforie Nord"]
[Date "2024.02.26"]
[Round "3"]
[White "Iordache, Alexia Andreea"]
[Black "Cosma, Elena Luminita"]
[Result "0-1"]
[WhiteElo "1774"]
[BlackElo "2238"]
[PlyCount "136"]
[EventDate "2024.02.24"]
[EventType "swiss"]
[EventRounds "9"]
[EventCountry "ROU"]
[SourceTitle "CB10_2024"]
[SourceDate "2024.03.06"]
[SourceVersion "1"]
[SourceVersionDate "2024.03.06"]
[SourceQuality "1"]

1. e4 e6 2. d3 d5 3. Nd2 Nf6 4. Ngf3 b6 5. e5 Nfd7 6. d4 c5 7. c3 Be7 8. Bb5 a6 9. Bd3 a5 10. h4 Ba6 11. Bxa6 Nxa6 12. Nf1 h6 13. Ng3 b5 14. Nh5 g6 15. Nf4 Qb6 16. Be3 Nc7 17. Qd2 b4 18. c4 dxc4 19. d5 Nxd5 20. Nxd5 exd5 21. Qxd5 Ra7 22. Qxc4 Qa6 23. Qe4 Qb7 24. Qd3 Ra6 25. Rd1 Re6 26. Bf4 Qc6 27. b3 Nb6 28. 0-0 Kf8 29. Be3 Kg7 30. Qd2 Qe4 31. Rfe1 Qg4 32. Rc1 g5 33. hxg5 hxg5 34. Bxg5 Rg6 35. Bf6+ Bxf6 36. exf6+ Kh7 37. g3 Qxf3 38. Rxc5 Qxf6 39. Rh5+ Kg7 40. Rxh8 Kxh8 41. Qe2 Kg7 42. Qh5 Rg5 43. Qh4 Nd7 44. Kg2 Qc6+ 45. Kg1 Rg6 46. Qd4+ Nf6 47. Re5 Qa8 48. Rh5 Qf3 49. Rh4 Qd5 50. Qxd5 Nxd5 51. Rh5 Rd6 52. f4 Kg6 53. Rg5+ Kf6 54. Re5 Kg7 55. Rg5+ Kf8 56. Kf2 Ke7 57. Re5+ Kd7 58. Kf3 f6 59. Rh5 Kc6 60. g4 Re6 61. g5 fxg5 62. fxg5 Re3+ 63. Kf2 Re2+ 64. Kf3 Rxa2 65. g6 Ra1 66. Kf2 Ne7 67. g7 a4 68. Ra5 Ra2+ 0-1

[Event "Bucharest Firescu Memorial (Women)"]
[Site "Bucharest"]
[Date "2023.12.16"]
[Round "5"]
[White "Iordache, Alexia Andreea"]
[Black "Traistaru, Teodora"]
[Result "1-0"]
[WhiteElo "1770"]
[BlackElo "2147"]
[PlyCount "80"]
[EventDate "2023.12.16"]
[EventType "tourn (rapid)"]
[EventRounds "9"]
[EventCountry "ROU"]
[SourceTitle "CB51_2023"]
[SourceDate "2023.12.20"]
[SourceVersion "1"]
[SourceVersionDate "2023.12.20"]
[SourceQuality "1"]

1. e4 c6 2. d4 d5 3. Nc3 dxe4 4. Nxe4 Nf6 5. Nxf6+ exf6 6. c3 Bd6 7. Bd3 0-0 8. Qc2 Re8+ 9. Ne2 g6 10. h4 Bg4 11. Be3 Bxe2 12. Bxe2 f5 13. g3 h5 14. 0-0-0 Qa5 15. Kb1 Nd7 16. Bc4 b5 17. Bb3 Nf6 18. Bh6 Ng4 19. Qd2 b4 20. f3 bxc3 21. bxc3 Nf6 22. Qg5 Nd5 23. Rc1 Rab8 24. Qd2 Ba3 25. Rc2 Nxc3+ 26. Qxc3 Bb4 27. Qc4 Re7 28. Bg5 Re6 29. Bd2 Bxd2 30. Rd1 Bh6 31. g4 fxg4 32. fxg4 hxg4 33. Rf1 Re1+ 34. Rxe1 Qxe1+ 35. Kb2 Qe6 36. Qf1 Rxb3+ 37. axb3 Bg7 38. Qf4 g3 39. Qxg3 Bxd4+ 40. Kb1 Qxb3+ 1-0

[Event "Bucharest Firescu Memorial (Women)"]
[Site "Bucharest"]
[Date "2023.12.16"]
[Round "8"]
[White "Sava, Ana Maria"]
[Black "Iordache, Alexia Andreea"]
[Result "0-1"]
[WhiteElo "1916"]
[BlackElo "1770"]
[PlyCount "67"]
[EventDate "2023.12.16"]
[EventType "tourn (rapid)"]
[EventRounds "9"]
[EventCountry "ROU"]
[SourceTitle "CB51_2023"]
[SourceDate "2023.12.20"]
[SourceVersion "1"]
[SourceVersionDate "2023.12.20"]
[SourceQuality "1"]

1. e4 c5 2. d4 cxd4 3. Qxd4 Nc6 4. Qe3 d6 5. Nc3 g6 6. Bd2 Bg7 7. 0-0-0 Nf6 8. Bd3 Ng4 9. Qe1 0-0 10. h3 Nge5 11. f4 Nxd3+ 12. cxd3 Nb4 13. Kb1 Nxd3 14. Qe3 Nc5 15. g4 b5 16. Nxb5 Rb8 17. Nd4 Qb6 18. Bc3 Na4 19. Rh2 e5 20. fxe5 dxe5 21. Ngf3 Nxc3+ 22. Qxc3 exd4 23. Nxd4 Bb7 24. Re2 Rfd8 25. e5 Rbc8 26. Qe3 Ba6 27. Red2 Re8 28. Qf3 Bb7 29. Qf1 Bxe5 30. Nb3 Be4+ 31. Ka1 Bc2 32. Rd7 Bxb3 33. axb3 Qxb3 34. R1d2 0-1

[Event "ROM-chT Rapid (Women)"]
[Site "Sebes"]
[Date "2023.12.02"]
[Round "2.6"]
[White "Sabou, Stefania Theodora"]
[Black "Iordache, Alexia Andreea"]
[Result "0-1"]
[WhiteElo "1314"]
[BlackElo "1770"]
[PlyCount "68"]
[EventDate "2023.12.02"]
[EventType "team-tourn (rapid)"]
[EventRounds "7"]
[EventCountry "ROU"]
[SourceTitle "CB49_2023"]
[SourceDate "2023.12.06"]
[SourceVersion "1"]
[SourceVersionDate "2023.12.06"]
[SourceQuality "1"]
[WhiteTeam "Bucharest CSU  (W)"]
[BlackTeam "Arnia Chess IT (W)"]
[WhiteTeamCountry "ROU"]
[BlackTeamCountry "ROU"]

1. d4 Nf6 2. Nf3 d6 3. c4 g6 4. Nc3 Bg7 5. e4 0-0 6. Be2 Nbd7 7. 0-0 e5 8. dxe5 dxe5 9. Qc2 c6 10. h3 Nh5 11. Rd1 Qe7 12. Be3 Nf4 13. Kh2 Nf6 14. Bf1 N6h5 15. g3 Ne6 16. Be2 h6 17. Qc1 Kh7 18. a3 Rd8 19. Rxd8 Qxd8 20. Qc2 Nd4 21. Bxd4 exd4 22. Rd1 Qd7 23. Bf1 b6 24. Ne2 c5 25. b4 Qe7 26. g4 Nf6 27. Ng3 Bb7 28. Bd3 Nd7 29. b5 Qf6 30. Kg2 Re8 31. Re1 Nf8 32. Nd2 Ne6 33. Rf1 Nf4+ 34. Kh2 Qh4 0-1

[Event "ROM-chT (Women)"]
[Site "Eforie Nord"]
[Date "2023.09.24"]
[Round "2.4"]
[White "Iordache, Alexia Andreea"]
[Black "Marin, Alexia Iuliana"]
[Result "1-0"]
[WhiteElo "1827"]
[BlackElo "1303"]
[PlyCount "81"]
[EventDate "2023.09.23"]
[EventType "team-tourn"]
[EventRounds "7"]
[EventCountry "ROU"]
[SourceTitle "EXT 2024"]
[Source "ChessBase"]
[SourceDate "2023.10.10"]
[SourceVersion "1"]
[SourceVersionDate "2023.10.10"]
[SourceQuality "1"]
[WhiteTeam "Arnia ChessIT (W)"]
[BlackTeam "Ploiesti (W)"]
[WhiteTeamCountry "ROU"]
[BlackTeamCountry "ROU"]

1. e4 c6 2. d4 d5 3. Nc3 dxe4 4. Nxe4 Bf5 5. Ng3 Bg6 6. h4 h6 7. Nf3 Nd7 8. h5 Bh7 9. Bd3 Bxd3 10. Qxd3 e6 11. Bd2 Ngf6 12. 0-0-0 Be7 13. Ne4 Nxe4 14. Qxe4 Nf6 15. Qe2 Qd5 16. c4 Qe4 17. Qxe4 Nxe4 18. Be3 0-0 19. Ne5 Rfd8 20. g4 Rac8 21. f3 Ng5 22. Rhf1 Bf6 23. Bf4 a6 24. Rd2 c5 25. d5 exd5 26. cxd5 b5 27. Kc2 Bxe5 28. Bxe5 f6 29. Bf4 Nf7 30. Re1 Rd7 31. Re6 Ra8 32. Rc6 c4 33. Rc7 Rad8 34. Rxd7 Rxd7 35. Kc3 Nd6 36. Bxd6 Rxd6 37. Kd4 Rd7 38. Kc5 Kf8 39. Kc6 Rd8 40. d6 Ke8 41. d7+ 1-0

[Event "ROM-chT (Women)"]
[Site "Eforie Nord"]
[Date "2023.09.23"]
[Round "1.4"]
[White "Lehaci, Miruna Daria"]
[Black "Iordache, Alexia Andreea"]
[Result "1-0"]
[WhiteElo "2238"]
[BlackElo "1827"]
[PlyCount "95"]
[EventDate "2023.09.23"]
[EventType "team-tourn"]
[EventRounds "7"]
[EventCountry "ROU"]
[SourceTitle "EXT 2024"]
[Source "ChessBase"]
[SourceDate "2023.10.10"]
[SourceVersion "1"]
[SourceVersionDate "2023.10.10"]
[SourceQuality "1"]
[WhiteTeam "Iasi (W)"]
[BlackTeam "Arnia ChessIT (W)"]
[WhiteTeamCountry "ROU"]
[BlackTeamCountry "ROU"]

1. e4 c5 2. Nf3 d6 3. d4 cxd4 4. Nxd4 Nf6 5. f3 e5 6. Nb3 Be6 7. c4 a5 8. Be3 Nc6 9. Nc3 Be7 10. Nd5 Nd7 11. Be2 0-0 12. 0-0 b6 13. Qd2 Nc5 14. Rfd1 Bxd5 15. cxd5 Nb8 16. Nc1 Nbd7 17. Bb5 h6 18. Bf2 Bg5 19. Qe1 Bxc1 20. Rdxc1 Nb8 21. b3 Nba6 22. Rc3 f5 23. exf5 Rxf5 24. a3 Qf8 25. Re3 Rf4 26. Rb1 Nc7 27. Bc6 Rb8 28. b4 axb4 29. axb4 N5a6 30. Re4 Qf5 31. Qe2 h5 32. Rb3 h4 33. Bxh4 Kf7 34. Bg3 Rxe4 35. fxe4 Qg5 36. Be1 Kg8 37. Bd2 Qf6 38. Rf3 Qe7 39. Rg3 Rf8 40. Bg5 Rf6 41. Qg4 b5 42. Bxf6 Qxf6 43. Rf3 Qd8 44. Qh5 Qe7 45. Rh3 Kf8 46. Qh8+ Kf7 47. Rf3+ Kg6 48. Rf5 1-0

[Event "EU-ch U14 Girls 31st"]
[Site "Mamaia"]
[Date "2023.09.10"]
[Round "5"]
[White "Iordache, Alexia Andreea"]
[Black "Toroptseva, Yevheniia"]
[Result "1-0"]
[WhiteElo "1827"]
[BlackElo "1856"]
[PlyCount "115"]
[EventDate "2023.09.05"]
[EventType "swiss"]
[EventRounds "9"]
[EventCountry "ROU"]
[SourceTitle "EXT 2024"]
[Source "ChessBase"]
[SourceDate "2023.10.10"]
[SourceVersion "1"]
[SourceVersionDate "2023.10.10"]
[SourceQuality "1"]

1. d4 Nf6 2. c4 g6 3. Nc3 Bg7 4. e4 d6 5. Nf3 0-0 6. Be2 Nbd7 7. 0-0 e5 8. Be3 exd4 9. Nxd4 Re8 10. Qc2 Nc5 11. f3 a5 12. Nb3 Ne6 13. Rad1 Bd7 14. Nd5 a4 15. Nc1 Nxd5 16. cxd5 Nf8 17. Kh1 f5 18. Bd3 Qf6 19. Rd2 f4 20. Bf2 Rac8 21. Bc4 Qg5 22. Ne2 b5 23. Bd3 Qh6 24. Qc1 g5 25. Rc2 Ng6 26. Nd4 Ne5 27. Be2 Rf8 28. Bg1 Ng6 29. Bxb5 Bxb5 30. Nxb5 Be5 31. Rxc7 Rb8 32. Nd4 Rb4 33. Rc4 Rxc4 34. Qxc4 g4 35. Nf5 Qg5 36. fxg4 Bxb2 37. Bd4 Ne5 38. Bxe5 Bxe5 39. Rf3 Rb8 40. h4 Qd8 41. Kh2 Qd7 42. Qc6 Qa7 43. Qc1 a3 44. Qxa3 Qxa3 45. Rxa3 f3+ 46. Kg1 Rb2 47. Rxf3 Rxa2 48. Rf1 Re2 49. g5 Rxe4 50. h5 Bf4 51. g6 hxg6 52. hxg6 Bg5 53. Rb1 Re8 54. Rb7 Bf6 55. Rf7 Bg5 56. Rb7 Bf6 57. Nh6+ Kh8 58. Rh7# 1-0

[Event "ROM-ch (Women)"]
[Site "Sebes"]
[Date "2023.02.20"]
[Round "2"]
[White "Hoanca, Alexia Ioana"]
[Black "Iordache, Alexia Andreea"]
[Result "0-1"]
[WhiteElo "1540"]
[BlackElo "1745"]
[PlyCount "72"]
[EventDate "2023.02.19"]
[EventType "swiss"]
[EventRounds "9"]
[EventCountry "ROU"]
[SourceTitle "CBM 212 Extra"]
[Source "ChessBase"]
[SourceDate "2023.03.31"]
[SourceVersion "1"]
[SourceVersionDate "2023.03.31"]
[SourceQuality "1"]

1. e4 c5 2. Nf3 Nc6 3. Bb5 e6 4. Bxc6 bxc6 5. 0-0 Ne7 6. d3 Ng6 7. Nc3 Be7 8. Re1 e5 9. Ne2 0-0 10. Ng3 d6 11. Nf5 Bxf5 12. exf5 Nh4 13. Nxh4 Bxh4 14. Qf3 Qd7 15. Re4 Bf6 16. Rg4 d5 17. Bh6 Kh8 18. Bxg7+ Bxg7 19. f6 Bh6 20. Qh3 Qe6 21. Qh4 Qf5 22. Qh3 Qxf6 23. Rh4 Kg7 24. Rg4+ Kh8 25. Rh4 Bg7 26. Rxh7+ Kg8 27. Rh5 Qg6 28. Rh4 f5 29. g4 f4 30. Kh1 Kf7 31. g5 Ke7 32. Rg1 Rh8 33. Rh6 Bxh6 34. gxh6 Qxh6 35. Qg2 Rag8 36. Qxg8 Qxh2# 0-1

[Event "ROM-ch (Women)"]
[Site "Sebes"]
[Date "2023.02.19"]
[Round "1"]
[White "Iordache, Alexia Andreea"]
[Black "Lehaci, Miruna Daria"]
[Result "0-1"]
[WhiteElo "1745"]
[BlackElo "2157"]
[PlyCount "138"]
[EventDate "2023.02.19"]
[EventType "swiss"]
[EventRounds "9"]
[EventCountry "ROU"]
[SourceTitle "CBM 212 Extra"]
[Source "ChessBase"]
[SourceDate "2023.03.31"]
[SourceVersion "1"]
[SourceVersionDate "2023.03.31"]
[SourceQuality "1"]

1. e4 c5 2. Nf3 d6 3. d4 cxd4 4. Nxd4 Nf6 5. Nc3 Nc6 6. Bg5 a6 7. Qd2 e6 8. 0-0-0 Bd7 9. f3 Be7 10. h4 h6 11. Be3 h5 12. Bg5 Qc7 13. Qe1 Nxd4 14. Rxd4 b5 15. Kb1 Rc8 16. a3 Qb6 17. Be3 Qb7 18. Na2 e5 19. Rd1 Be6 20. Bd3 Nd7 21. Qe2 Nc5 22. Nb4 Kf8 23. Nd5 Bxd5 24. exd5 Nxd3 25. Qxd3 Qc7 26. g3 Qc4 27. Qd2 Bf6 28. Rhe1 g6 29. Bh6+ Kg8 30. Re4 Qc7 31. Be3 Bg7 32. g4 hxg4 33. Rxg4 Qd7 34. Qd3 Rh5 35. Bg5 Kf8 36. Rdg1 Bh8 37. Re4 a5 38. Qd2 Qf5 39. Qxa5 Qxf3 40. Rge1 Qf2 41. Qxb5 Qxc2+ 42. Ka1 Qc5 43. Qd7 Qc7 44. Be7+ Kg8 45. Qxc7 Rxc7 46. Bxd6 Rd7 47. Bxe5 Bxe5 48. Rxe5 Rxh4 49. Rd1 f5 50. Ka2 Kf7 51. b4 Kf6 52. Re6+ Kf7 53. b5 Rxd5 54. Rxd5 Kxe6 55. Rd2 f4 56. b6 f3 57. Rc2 Rh8 58. a4 Ra8 59. Kb3 g5 60. Kb4 g4 61. a5 g3 62. b7 Rb8 63. a6 f2 64. Rc8 f1Q 65. Rxb8 Qf4+ 66. Kb5 Qxb8 67. Kb6 g2 68. a7 g1Q+ 69. Kc6 Qgxa7 0-1

[Event "EU-ch U14 Girls 30th"]
[Site "Antalya"]
[Date "2022.11.14"]
[Round "9"]
[White "Nuriyeva, Nurtan"]
[Black "Iordache, Alexia Andreea"]
[Result "1/2-1/2"]
[WhiteElo "1656"]
[BlackElo "1629"]
[PlyCount "146"]
[EventDate "2022.11.06"]
[EventType "swiss"]
[EventRounds "9"]
[EventCountry "TUR"]
[SourceTitle "CBM 211 Extra"]
[Source "ChessBase"]
[SourceDate "2023.01.31"]
[SourceVersion "1"]
[SourceVersionDate "2023.01.31"]
[SourceQuality "1"]

1. d4 Nf6 2. Nf3 d6 3. c4 g6 4. Nc3 Bg7 5. Bg5 0-0 6. e3 c5 7. d5 h6 8. Bh4 e6 9. dxe6 fxe6 10. Be2 Nc6 11. 0-0 g5 12. Bg3 d5 13. cxd5 exd5 14. Rc1 Bf5 15. Qb3 Na5 16. Qb5 b6 17. Qa4 Qe7 18. Rfd1 Rad8 19. Ne5 Ne4 20. Nc6 Nxc6 21. Qxc6 Nxc3 22. bxc3 Qe6 23. Qa4 Qf7 24. f3 h5 25. h3 Kh8 26. e4 dxe4 27. Rxd8 Rxd8 28. fxe4 Bg6 29. Bc4 Qe7 30. Qc2 Qxe4 31. Qxe4 Bxe4 32. Re1 Bg6 33. Be5 Rd7 34. Bxg7+ Kxg7 35. Re5 Bf7 36. Bxf7 Rxf7 37. Rxg5+ Kh6 38. Rd5 Rf6 39. Rd7 a6 40. Rd5 h4 41. a4 a5 42. Re5 Kg6 43. Re4 Kg5 44. Rg4+ Kh5 45. Re4 Rf5 46. Kh2 Rd5 47. Re6 Rd3 48. Rxb6 Rxc3 49. Rb5 Kg5 50. Rxa5 Kf4 51. Rb5 Ke4 52. Rb8 Rc4 53. Rh8 Kd3 54. a5 Ra4 55. a6 Rxa6 56. Rxh4 c4 57. Rh8 c3 58. Rd8+ Ke3 59. Rc8 Kd2 60. g4 c2 61. h4 c1Q 62. Rxc1 Kxc1 63. Kg3 Kd2 64. Kf4 Kd3 65. h5 Kd4 66. g5 Ra1 67. Kf5 Rf1+ 68. Kg6 Ke5 69. h6 Ke6 70. h7 Rh1 71. Kg7 Kf5 72. g6 Rh2 73. h8Q Ke5 1/2-1/2

[Event "EU-ch U14 Girls 30th"]
[Site "Antalya"]
[Date "2022.11.12"]
[Round "7"]
[White "Maria, Lia Alexandra"]
[Black "Iordache, Alexia Andreea"]
[Result "1-0"]
[WhiteElo "1721"]
[BlackElo "1629"]
[PlyCount "143"]
[EventDate "2022.11.06"]
[EventType "swiss"]
[EventRounds "9"]
[EventCountry "TUR"]
[SourceTitle "CBM 211 Extra"]
[Source "ChessBase"]
[SourceDate "2023.01.31"]
[SourceVersion "1"]
[SourceVersionDate "2023.01.31"]
[SourceQuality "1"]

1. e4 c5 2. Nf3 d6 3. d4 cxd4 4. Nxd4 Nf6 5. f3 e5 6. Nb3 Be6 7. c4 Nbd7 8. Nc3 a6 9. Be3 Rc8 10. Nd5 Bxd5 11. cxd5 Be7 12. Be2 0-0 13. 0-0 Nh5 14. Qd2 h6 15. Rac1 Bg5 16. Rxc8 Bxe3+ 17. Qxe3 Qxc8 18. Rc1 Qd8 19. g3 f5 20. exf5 Nhf6 21. Kg2 Re8 22. Nd2 Kh8 23. Ne4 Nxd5 24. Qb3 N7b6 25. Rd1 Qd7 26. a4 a5 27. Bb5 Qf7 28. Kg1 Rd8 29. Bc4 Nxc4 30. Qxc4 Qxf5 31. Qxd5 Qxf3 32. Nf2 Qe2 33. Qd2 Qxd2 34. Rxd2 Kg8 35. Ng4 e4 36. Kf2 h5 37. Ne3 Kf7 38. Nd5 Re8 39. Ke3 Re5 40. Kd4 Ke6 41. Nf4+ Kf5 42. Ke3 g5 43. Nxh5 b5 44. Rxd6 bxa4 45. Nf6 g4 46. Nd5 Re8 47. Nc3 Rb8 48. Rd5+ Ke6 49. Rxa5 Rxb2 50. Rxa4 Rxh2 51. Rxe4+ Kf5 52. Rf4+ Kg5 53. Ne4+ Kh5 54. Nf6+ Kg5 55. Nxg4 Ra2 56. Ne5 Ra3+ 57. Kf2 Ra2+ 58. Kf3 Ra3+ 59. Kg2 Ra2+ 60. Kh3 Ra3 61. Nf3+ Kh5 62. g4+ Kg6 63. Kh4 Ra5 64. g5 Rb5 65. Kg4 Ra5 66. Nh4+ Kg7 67. Kh5 Rb5 68. Nf5+ Kh7 69. g6+ Kh8 70. Kh6 Rb6 71. Rc4 Rb8 72. Ne7 1-0

[Event "Cap Aurora FISCA op"]
[Site "Cap Aurora"]
[Date "2022.06.29"]
[Round "9"]
[White "Iordache, Alexia Andreea"]
[Black "Negrean, Andrei"]
[Result "1/2-1/2"]
[WhiteElo "1658"]
[BlackElo "1846"]
[PlyCount "113"]
[EventDate "2022.06.22"]
[EventType "swiss"]
[EventRounds "9"]
[EventCountry "ROU"]
[SourceTitle "EXT 2023"]
[Source "ChessBase"]
[SourceDate "2022.10.05"]
[SourceVersion "1"]
[SourceVersionDate "2022.10.05"]
[SourceQuality "1"]

1. e4 c5 2. Nf3 d6 3. d4 cxd4 4. Nxd4 Nf6 5. Nc3 a6 6. f3 e5 7. Nb3 Be6 8. Be3 Nbd7 9. Qd2 h5 10. 0-0-0 Rc8 11. Kb1 Be7 12. Nd5 Bxd5 13. exd5 Nb6 14. Qa5 Nc4 15. Bxc4 Rxc4 16. Qxd8+ Bxd8 17. Nd2 Rc8 18. c4 b5 19. b3 Ba5 20. Rc1 Bxd2 21. Bxd2 bxc4 22. bxc4 Nd7 23. Be3 Ke7 24. Ka1 Rc7 25. Rc3 Rhc8 26. Rhc1 h4 27. Kb2 f6 28. R1c2 Nc5 29. Bxc5 Rxc5 30. Kc1 g5 31. Kd2 f5 32. Kd3 Kd7 33. Rb3 R5c7 34. Rb6 a5 35. a4 Ra7 36. Rcb2 Rac7 37. Rb7 Rxb7 38. Rxb7+ Rc7 39. Rb8 Rc8 40. Rb5 g4 41. fxg4 e4+ 42. Kd4 fxg4 43. Rxa5 e3 44. Ra7+ Kd8 45. Kxe3 Rxc4 46. Rh7 h3 47. gxh3 gxh3 48. a5 Ra4 49. Ra7 Ra2 50. Kf3 Rxh2 51. Kg3 Rd2 52. Kxh3 Rxd5 53. Kg4 Kc8 54. Kf4 Kb8 55. Ra6 Kb7 56. Rb6+ Ka7 57. Ke4 1/2-1/2

[Event "ROM-ch U10 Girls"]
[Site "Calimanesti Caciulata"]
[Date "2019.04.22"]
[Round "9.1"]
[White "Iordache, Alexia Andreea"]
[Black "Darie, Cleopatra Iuliana"]
[Result "1/2-1/2"]
[WhiteElo "1072"]
[BlackElo "1194"]
[PlyCount "90"]
[EventDate "2019.04.15"]
[EventType "swiss"]
[EventRounds "9"]
[EventCountry "ROU"]
[SourceTitle "EXT 2024"]
[Source "ChessBase"]
[SourceDate "2023.10.10"]
[SourceVersion "1"]
[SourceVersionDate "2023.10.10"]
[SourceQuality "1"]

1. e4 e5 2. f4 exf4 3. Nf3 Be7 4. Bc4 Bh4+ 5. Kf1 d5 6. exd5 Bg4 7. Nc3 Nf6 8. Qe2+ Kf8 9. b3 g6 10. Ba3+ Kg7 11. Qe7 Qxe7 12. Bxe7 Bxf3 13. gxf3 Re8 14. Ba3 a6 15. Bb2 Kg8 16. a4 Nbd7 17. Ne2 Bg5 18. h4 Bh6 19. Rg1 Ne5 20. Bxe5 Rxe5 21. d4 Rh5 22. Nc3 Rxh4 23. Re1 Rh3 24. Kf2 Rh2+ 25. Rg2 Rxg2+ 26. Kxg2 Re8 27. Rxe8+ Nxe8 28. Kh3 Bg7 29. Ne2 g5 30. Kg4 h6 31. b4 Nd6 32. Bd3 Ne8 33. c4 Nf6+ 34. Kh3 h5 35. Kg2 Bh6 36. Ng1 g4 37. Bf5 b6 38. Bc8 a5 39. bxa5 bxa5 40. Bb7 g3 41. c5 Ne8 42. Bc6 Kf8 43. Ne2 Bg7 44. Nxf4 Bxd4 45. Ne2 h4 1/2-1/2

[Event "ROM-ch U10 Girls"]
[Site "Calimanesti Caciulata"]
[Date "2019.04.17"]
[Round "4.2"]
[White "Iordache, Alexia Andreea"]
[Black "Sida, Flavia Maria"]
[Result "0-1"]
[WhiteElo "1072"]
[BlackElo "1225"]
[PlyCount "108"]
[EventDate "2019.04.15"]
[EventType "swiss"]
[EventRounds "9"]
[EventCountry "ROU"]
[SourceTitle "EXT 2024"]
[Source "ChessBase"]
[SourceDate "2023.10.10"]
[SourceVersion "1"]
[SourceVersionDate "2023.10.10"]
[SourceQuality "1"]

1. e4 e5 2. Nf3 Nc6 3. Bc4 Bc5 4. c3 Qe7 5. d3 d6 6. Bb3 Bg4 7. h3 Bh5 8. g4 Bg6 9. Nbd2 h6 10. Nf1 0-0-0 11. Bd2 h5 12. gxh5 Bxh5 13. Ng3 Bg6 14. Qe2 f6 15. 0-0-0 Qd7 16. h4 Nge7 17. h5 Be8 18. Nh4 g5 19. Nhf5 Nxf5 20. Nxf5 Bf7 21. Bxf7 Qxf7 22. b3 Ba3+ 23. Kc2 Rh7 24. Qg4 Kb8 25. h6 Bc5 26. f3 Rdh8 27. Rh5 a5 28. a4 Ne7 29. Nxe7 Qxe7 30. Rdh1 Bf2 31. Qf5 Qf7 32. R5h2 Bh4 33. c4 Rxh6 34. Bxa5 Qh5 35. Be1 b6 36. Bxh4 gxh4 37. Qxh5 Rxh5 38. b4 Kb7 39. b5 c6 40. bxc6+ Kxc6 41. Kb3 Kc5 42. Kc3 h3 43. Rb1 Rg8 44. Rbh1 Rg3 45. f4 exf4 46. Rf2 Rg4 47. d4+ Kc6 48. Kb4 Rg3 49. d5+ Kc7 50. a5 bxa5+ 51. Kxa5 Re3 52. Rff1 Rxe4 53. Ra1 Rxc4 54. Kb5 Rc5+ 0-1